| 000 | 00620cam a2200205 a 4500 | ||
|---|---|---|---|
| 020 | _a9780821373712 | ||
| 020 | _a0821373714 | ||
| 040 | _cDLC | ||
| 082 | 0 | 0 | _a370 WOR 2008 A011 Or. |
| 245 | 0 | 3 | _aAn African exploration of the East Asian education experience / |
| 260 |
_aWashington, D.C. : _bWorld Bank, _cc2008. |
||
| 300 |
_axx, 374 p. : _bill. ; _c26 cm. + _e1 CD-ROM (4 3/4 in.). |
||
| 650 | 0 | _aEducation | |
| 650 | 0 | _aEducation and state | |
| 650 | 0 | _aEducation | |
| 700 | 1 | _aFredriksen, Birger. | |
| 700 | 1 | _aTan, Jee-Peng, | |
| 856 | 4 | 1 | _uhttp://www.loc.gov/catdir/toc/ecip083/2007043611.html |
| 942 | _cEK | ||
| 999 |
_c13558 _d13558 |
||